The story of David / (Record no. 109916)
[ view plain ]
| 000 -LEADER | |
|---|---|
| fixed length control field | 00834nam a2200205 a 4500 |
| 001 - CONTROL NUMBER | |
| control field | 4098 |
| 005 - DATE AND TIME OF LATEST TRANSACTION | |
| control field | 20140414131846.0 |
| 008 - FIXED-LENGTH DATA ELEMENTS--GENERAL INFORMATION | |
| fixed length control field | 081223s19uu xx 00 eng d |
| 020 ## - INTERNATIONAL STANDARD BOOK NUMBER | |
| International Standard Book Number | 0-439-85426-1 |
| 050 ## - LIBRARY OF CONGRESS CALL NUMBER | |
| Classification number | M 220 |
| Item number | Sl1 2006 |
| 100 ## - MAIN ENTRY--PERSONAL NAME | |
| Personal name | Slater, Teddy. |
| 245 ## - TITLE STATEMENT | |
| Title | The story of David / |
| Statement of responsibility, etc | by Teddy Slater ; [illustrations by Duendes Del Sur]. |
| 260 ## - PUBLICATION, DISTRIBUTION, ETC. (IMPRINT) | |
| Place of publication, distribution, etc | New York : |
| Name of publisher, distributor, etc | Little Shepherd Books/Scholastic, |
| Date of publication, distribution, etc | c2006. |
| 300 ## - PHYSICAL DESCRIPTION | |
| Extent | 1 v. (unpaged) : col. ill. ; 2 |
| 440 ## - SERIES STATEMENT/ADDED ENTRY--TITLE | |
| Title | A read and learn Bible story |
| 500 ## - GENERAL NOTE | |
| General note | "Level 3 (longer stories with paragraphs)"--Spine. |
| 520 ## - SUMMARY, ETC. | |
| Summary, etc | This level 3 reader tells the story of a single shepherd boy named David. As a child, he slew the giant Goliath. When he grew up, he became one of Israel�s greatest kings"--Cover back. |
| 650 ## - SUBJECT ADDED ENTRY--TOPICAL TERM | |
| Topical term or geographic name as entry element | David, King of Israel. |
| Withdrawn status | Lost status | Damaged status | Use restrictions | Home library | Current library | Shelving location | Date acquired | Source of acquisition | Cost, normal purchase price | Total Checkouts | Full call number | Barcode | Date last seen | Price effective from | Koha item type |
|---|---|---|---|---|---|---|---|---|---|---|---|---|---|---|---|
| Munich Library | Munich Library | Main Section | 12/23/2008 | 125.00 | M 220 Sl1 2006 | M0115 | 04/14/2014 | 04/14/2014 | Books |